000 00917nam a2200241 i 4500
001 182995
003 ES-MaACL
005 20240418104251.0
008 140110s2002 sp | |||| ||spa d
020 _a84-8448-196-4
080 _a821.134.2.09"18/19"
245 0 4 _aLos textos del 98 /
_cal cuidado de Juan Carlos Ara y José Carlos Mainer ; José Carlos Mainer ... [et al.].
260 _aValladolid :
_bCentro para la Edición de los Clásicos Españoles,
_c2002.
300 _a267 p. ;
_c22 cm.
504 _aBibliografía: p. 259-267.
650 7 _aGeneración del 98 (Literatura)
_913051
700 0 _aAra Torralba, Juan Carlos.
_922142
700 1 _aMainer, José-Carlos,
_d1944-
_975599
852 _aES-MaACL
_jA-12940
_9189929
_bR.149799
_cDEPO1
_dOlim: N-5940
_xDonación: Real Academia Española
914 _96336
_aReal Academia Española
_ednr
942 _2udc
_cMONOGRAFIA
999 _c182995
_d182995